Philadelphia 76ers on Other Teams - Statistics

General Stats
  • This quiz has been taken 22 times
  • The average score is 14 of 29
Answer Stats
Picture Answer % Correct
Andre Iguodala
95%
Charles Barkley
95%
Wilt Chamberlain
95%
Allen Iverson
89%
Julius Erving
89%
Kyle Korver
89%
Lou Williams
79%
Moses Malone
74%
Jrue Holiday
68%
Robert Covington
68%
Manute Bol
63%
Tobias Harris
63%
Thaddeus Young
58%
Darryl Dawkins
53%
Eric Snow
53%
Johnny Dawkins
53%
Maurice Cheeks
53%
Caldwell Jones
32%
Derrick Coleman
32%
Marreese Speights
32%
Samuel Dalembert
26%
Hersey Hawkins
21%
Willie Green
21%
Aaron McKie
11%
Chet Walker
11%
John Salmons
11%
Dave Gambee
0%
Fred Carter
0%
George King
0%
No matching quizzes found
Score Distribution
Percent of People with Each Score
Percentile by Number Answered
Your Score History
You have not taken this quiz